000 00901nam a2200289 i 4500
003 DO-SdBNP
005 20240828103546.0
007 ta
008 240828b1970 mx ||||| |||| 00| 0 spa d
040 _aDO-SdBNP
_bspa
_cBNPHU
082 4 _222
245 0 3 _aLa emancipación de la mujer /
_cCarlos Marx, Federico Engels, V. I. Lenin, A. F. Shishskin y Alejandra Kollontal
264 4 _aMéxico :
_bEditorial Grijalbo, S. A.,
_c@1970.
300 _a160 páginas ;
_c18 cm.
336 _2rdacontent
_atexto
_btxt
337 _2rdamedia
_asin mediación
_bn
338 _2rdacarrier
_avolumen
_bnc
490 _aColección 70
_v79
590 _aInventariado, 2024/BT
700 1 _aMarx, Carlos
_935992
700 1 _aEngels, Federico
_963499
700 1 _aLenin, V. I.
_945797
700 1 _aShishskin, A.F.
_986455
700 1 _aKollontal, Alejandra
_986456
910 _aBtavárez
942 _2ddc
_cLBS1
999 _c57571
_d57571